[Event "Altensteig"]
[Site "Altensteig"]
[Date "1995.??.??"]
[Round "8"]
[White "Dautov, Rustem"]
[Black "Bischoff, Klaus"]
[Result "1/2-1/2"]
[WhiteElo "2620"]
[BlackElo "2550"]
[Annotator "Dautov,R"]
[PlyCount "57"]
[EventDate "1995.08.??"]
[EventType "tourn"]
[EventRounds "11"]
[EventCountry "GER"]
[EventCategory "12"]
[SourceTitle "CBM 049"]
[Source "ChessBase"]
[SourceDate "1995.12.01"]
[SourceVersion "1"]
[SourceVersionDate "1995.12.01"]
[SourceQuality "1"]

1. d4 Nf6 2. Nf3 e6 3. c4 b6 4. g3 Bb4+ 5. Bd2 Be7 6. Bg2 c6 7. O-O O-O 8. Nc3
Bb7 9. Bf4 $5 (9. e4 d5 10. cxd5 cxd5 11. e5 Ne4 $10) 9... d5 10. Ne5 (10. Qb3
$5 Nbd7 11. cxd5 cxd5 12. Rac1 Nh5 13. Be5 f6 14. Bc7 Qxc7 15. Nxd5 Qd6 16.
Nxe7+ Qxe7 17. Rc7 Bd5 18. Qb5 Rfd8 19. e4 Bxe4 20. Qxh5 Qd6 $2 21. Rfc1 $14 {
Romanishin,O-Ribli,Z/Polanica Zdroj 1993}) 10... Nbd7 11. e4 $5 (11. Rc1 Nh5
12. Be3 Nhf6 13. f4 Rc8 14. Bf2 Nxe5 15. dxe5 Ng4 16. Bd4 dxc4 17. h3 c5 18.
Bxb7 cxd4 19. hxg4 Rc7 20. Ne4 Rxb7 21. Rxc4 Qd5 22. Qd3 $16 {Huebner,
R-Tiviakov,S/Polanica Zdroj (02) ;CBM 49 1995}) 11... Nxe5 12. dxe5 Nxe4 13.
Nxe4 dxe4 14. Bxe4 (14. Qg4 Kh8 15. Bxe4 Qc7 16. Qf3 Rab8 17. Rad1 c5 18. Bxb7
Rxb7 19. Rd3 Rbb8 20. Rfd1 Rbd8 $10) 14... Qxd1 (14... Qc7 $5 15. Qf3 Rab8 $10)
15. Rfxd1 Rfd8 16. Be3 Kf8 17. a3 $14 (17. Bxh7 $2 g6 18. Bh6+ Ke8 19. h4 c5
$15 {/\Ba3}) 17... h6 18. Rxd8+ $2 (18. b4 Ke8 19. c5 Rxd1+ (19... bxc5 20.
bxc5 Rxd1+ 21. Rxd1 Rd8 22. Rb1 Rd7 23. f4 $14) 20. Rxd1 Rd8 21. Rc1 {()} (21.
Rxd8+ Bxd8 22. cxb6 Bxb6 $10) 21... b5 22. f4 $14 {/\} a5 $2 23. a4 $1 bxa4 24.
b5 $16) 18... Rxd8 19. Rc1 Ke8 20. c5 Bxc5 21. Bxc5 bxc5 22. Rxc5 Kd7 $10 23.
Kf1 (23. Ra5 Kc7 $1 24. Rxa7 $4 Rd4 25. f3 Kb6 $19) 23... Kc7 24. Ke2 Kb6 25.
Rc3 (25. b4 Ba6+ 26. Ke3 Bb5 27. Rc1 a5 $10) 25... Ba6+ 26. Ke3 Bb5 27. Rb3 Kc7
28. Rc3 Kb6 29. Rb3 1/2-1/2

[Event "SUI-chT"]
[Site "Switzerland"]
[Date "2003.10.05"]
[Round "9.1"]
[White "Dautov, Rustem"]
[Black "King, Daniel J"]
[Result "1-0"]
[WhiteElo "2604"]
[BlackElo "2504"]
[Annotator "Dautov,R"]
[PlyCount "113"]
[EventDate "2003.03.23"]
[EventType "team-tourn"]
[EventRounds "9"]
[EventCountry "SUI"]
[SourceTitle "CBM 097"]
[Source "ChessBase"]
[SourceDate "2003.11.11"]
[SourceVersion "1"]
[SourceVersionDate "2003.11.11"]
[SourceQuality "1"]
[WhiteTeam "Luzern"]
[BlackTeam "Winterthur"]
[WhiteTeamCountry "SUI"]
[BlackTeamCountry "SUI"]

1. d4 e6 2. c4 Nf6 3. Nf3 Bb4+ 4. Bd2 c5 5. Bxb4 cxb4 6. g3 b6 7. Bg2 Bb7 8.
O-O O-O 9. Qd3 d6 10. Nbd2 Nc6 $6 {Ein unharmonischer Zug, da die
Läuferdiagonale sehr früh zugestellt wird. Besser ist der flexible Aufbau mit
10...Qc7.} (10... Qc7 11. e4 e5 12. Ne1 Nc6 13. Nc2 a5 14. Rfd1 Rfe8 15. Rac1
Rad8 16. f3 Ba6 17. Qe3 $1 h6 18. Qf2 Qa7 19. Bf1 Rc8 20. b3 $14 {Dautov,
R-Kortschnoi,V/Switzerland 2003}) 11. Rfd1 (11. Ne1 e5 12. Nc2 a5 13. Rfe1 Re8
14. Bxc6 Bxc6 15. e4 Qb8 16. a3 bxa3 17. Nxa3 Ra7 18. f3 h5 19. Nf1 Rb7 $13 {
Karpov,A-Izeta Txabarri,F/Santurtzi rapid 2003}) 11... Qe7 12. d5 $1 {Der
zweite Nachteil von 10...Nc6 macht sich bemerkbar, der Springer kann direkt
angegriffen werden. Die c-Linie wird geöffnet, und die weiße Bauernmajorität
im Zentrum gewinnt an Bedeutung.} Ne5 (12... exd5 13. cxd5 Ne5 (13... Nb8 14.
Nd4 $16) 14. Nxe5 Qxe5 15. Nc4 Qe7 16. Qd2 $16) (12... Nd8 13. Nd4 Rc8 14. Ne4
$14) 13. Nxe5 dxe5 14. Ne4 $1 {Es ist wichtig, den im Wege stehenden Springer
d2 abzutauschen.} ({Weniger gut war das naheliegende} 14. d6 $6 Qd7 15. Bxb7
Qxb7 16. Qb3 a5 $13 {, und der weiße Freibauer tendiert zur Schwäche.}) 14...
exd5 (14... Nxe4 15. Bxe4 f5 16. d6 Qd7 17. Bxb7 Qxb7 18. Qb3 (18. Qe3 e4 19.
f3 $16) 18... a5 19. c5 $16) 15. Nxf6+ Qxf6 16. cxd5 {Am liebsten hätte Weiß
das Entstehen des Freibauern mit dem Läuferabtausch verbunden, aber es
funktionierte nicht.} (16. Bxd5 Rab8 $1 (16... Rad8 $2 17. Qb3 Bxd5 18. cxd5
$16) 17. Qe4 Bc8 $14) 16... Qd6 17. Bh3 a5 $2 {Diese Ungenauigkeit kann Weiß
schön ausnutzen.} ({Nach dem korrekten} 17... g6 $1 18. e4 Rae8 19. Rac1 Re7
$14 {könnte Schwarz auf seine Blockade hoffen.}) 18. Rac1 {/\Qc2-c7} Rae8 19.
Qc2 $1 Re7 20. Bc8 $1 {Ein wichtiger Schritt zur Einnahme der schwarzen
Festung: der Bb7 wird abgetauscht bzw. an den Brettrand abgedrängt.} Ba8 (20...
Bxc8 21. Qxc8 Rd7 22. Qa6 e4 (22... Rc7 23. e4 $16 (23. Rxc7 Qxc7 24. Qd3 $16))
23. Qb5 Rdd8 24. Rd4 $16) 21. e4 $16 g6 22. Qc4 {/\Qa6} Ra7 (22... Rd8 23. Qa6
Qb8 24. Rd2 Ra7 25. Qc4 $16) 23. Rc2 Kg7 24. Rdc1 h5 (24... f5 25. f3 $16 {
/\Be6}) 25. Qd3 {Weiß steht strategisch auf Gewinn. Er plant die Aufstellung
Rc4, Qc2 mit dem anschließenden Rc7.} h4 $2 $138 {In Zeitnot will King nicht
warten und schafft sich nur neue Schwächen.} 26. g4 (26. gxh4 $5 Rh8 27. Qg3
Qf6 28. Bg4 Rxh4 29. Rc7 Rxc7 30. Rxc7 $16) 26... Rd8 27. Qe3 {/\Qg5} Rh8 28.
h3 Re7 29. Qf3 Ra7 30. Qe3 Re7 $138 31. Rc4 Ra7 32. R1c2 {/\Qc1} Re8 33. Qg5
Rh8 34. b3 a4 $6 35. bxa4 $2 {Dies gibt Schwarz Hoffnungen auf Gegenspiel.
Viel leichter war die Gewinnführung nach dem urspünglich geplanten 35.Qd2!.} (
35. Qd2 $1 axb3 36. axb3 $18) 35... Rxa4 36. Kh2 $6 {Gibt den Gewinn nicht aus,
aber erlaubt Schwarz, den Charakter der Stellung zum Taktischen hin zu ändern.
Nichts sprach gegen das solide 36.f3!.} (36. f3 $1 Ra5 37. Qc1 Ra3 38. Kg2 $16)
36... b5 $1 37. Rc7 b3 38. Be6 Rf8 39. axb3 Rxe4 40. Rd7 Qb6 41. Qxh4 $2 {
Die letzten Züge geschahen in gegenseitiger Zeitnot, und ich führte
vorsichtshalber auch den Textzug schnell aus. Wie so oft, war dieser Zug ein
Fehler. Forciert gewonnen hätte 41.Bxf7!!.} (41. Bxf7 $3 Rxf7 42. Rxf7+ Kxf7
43. Qxh4 {/\Rc7, Rc8} Bxd5 (43... Kg7 44. Rc8 $18) 44. Rc7+ Qxc7 45. Qh7+ Kf6
46. Qxc7 $18) 41... Rf4 $1 {Nun rückte der Gewinn in weite Ferne. Der weiße
Angriff ist abgeschlagen. Außerdem zeichnete es sich ab, daß ich diese Partie
gewinnen mußte, um das Überleben unserer Mannschaft in der A-Liga zu sichern.}
42. Qg3 $6 Kg8 43. Qh4 Qd4 $1 44. Ra2 {/\Rxf7} ({Nichts bringt die Kombination
} 44. Rxf7 R4xf7 45. Bxf7+ Rxf7 46. Rc8+ Rf8 47. Rxf8+ Kxf8 48. Qf6+ Kg8 49.
Qxg6+ Kf8 $11) 44... Kg7 $1 $11 45. Kg1 Qd1+ 46. Kh2 (46. Kg2 $2 Qxb3 47. Bxf7
R4xf7 48. Rxf7+ Rxf7 49. Rxa8 Qxd5+ $19) 46... Qd4 $1 {Die Stellung ist
remislich. Ich unternahm noch einen Versuch, der überraschenderweise glückte.}
47. Re2 e4 $6 {Das war nicht nötig, 48...Qd3! erzwang die
Stellungswiederholung.} (47... Qd1 $2 48. Rxe5 Qf1 49. Rf5 $3 $18) (47... Qd3
$1 48. Rxe5 $2 (48. Ra2 Qd4 $11) 48... Rh8 49. Rf5 (49. Qg3 $2 Rxf2+ $19) 49...
Rxf5 50. Bxf5 Qc3 51. Qg3 Qxg3+ 52. fxg3 gxf5 53. gxf5 Re8 $15) 48. Kg2 Rf3 $4
$138 {Der Verlustzug. Notwendig war 48...Qf6!.} (48... Qf6 $1 49. g5 Rxh4 50.
gxf6+ Kxf6 51. Bg4 Ke5 $11) 49. g5 $18 Kg8 50. Qh6 Qg7 51. Qxg7+ Kxg7 52. Rxe4
Rxb3 53. Rf4 Rd3 54. Rdxf7+ Rxf7 55. Rxf7+ Kh8 56. Rf8+ Kg7 57. Rxa8 1-0

[Event "SUI-chT"]
[Site "Switzerland"]
[Date "2003.04.13"]
[Round "3.1"]
[White "Dautov, Rustem"]
[Black "Pelletier, Yannick"]
[Result "1/2-1/2"]
[WhiteElo "2604"]
[BlackElo "2623"]
[Annotator "Dautov,R"]
[PlyCount "159"]
[EventDate "2003.03.23"]
[EventType "team-tourn"]
[EventRounds "9"]
[EventCountry "SUI"]
[SourceTitle "CBM 097"]
[Source "ChessBase"]
[SourceDate "2003.11.11"]
[SourceVersion "1"]
[SourceVersionDate "2003.11.11"]
[SourceQuality "1"]
[WhiteTeam "Luzern"]
[BlackTeam "Winterthur"]
[WhiteTeamCountry "SUI"]
[BlackTeamCountry "SUI"]

1. d4 Nf6 2. c4 e6 3. Nf3 b6 4. g3 Bb7 5. Bg2 Bb4+ 6. Bd2 a5 (6... Bxd2+ 7.
Qxd2 O-O 8. Nc3 Ne4 9. Qc2 Nxc3 10. Ng5 Qxg5 11. Bxb7 $14) 7. O-O Bxd2 {
Eine seltene Variante, die u.a. von V.Smyslov gespielt wurde. Warum tauschte
Schwarz die Läufer nicht sofort? Wir werden es gleich sehen.} 8. Qxd2 O-O 9.
Qd3 $5 $146 {Eine am Brett gefundene Neuerung, bisher wurde 9.Nc3 gespielt.} ({
Nach} 9. Nc3 Ne4 10. Qc2 (10. Nxe4 Bxe4 11. Ne1 Bxg2 12. Nxg2 d6 13. e4 Nd7 14.
Rad1 Qb8 15. Qc3 c6 16. Ne3 b5 17. d5 cxd5 18. cxd5 Rc8 $11 {Osnos,V-Smyslov,V/
St Petersburg 1995}) 10... Nxc3 {hat Weiß nicht den typischen Ausfall Nf3-g5,
vgl. mit 6...Bxd2+. Dies ist die taktische Begründung der Idee 6...a5, 7...
Bxd2.} 11. Qxc3 d6 12. Qc2 f5 13. c5 Be4 14. Qc3 Na6 15. cxb6 cxb6 16. Ne1 Nb4
$11 {Polgar,Z-Smyslov,V/Prague 1995}) 9... Na6 (9... Be4 10. Qe3 $14 {/\Nc3}) (
9... c5 10. Nc3 cxd4 11. Nxd4 $14 (11. Qxd4 $14)) 10. Nc3 Nb4 11. Qb1 c5 $1 {
Weiß steht für die Zentrumseroberung e2-e4 bereit, deswegen beeilt sich
Pelletier mit seinem Gegenspiel.} (11... d6 12. a3 Nc6 13. Qc2 $14) 12. e4 $6 {
Etwas genauer wäre 12.a3 oder 12.Rd1. Überhaupt sollte sich Weiß dem
Läufertausch nach c5xd4 nicht entgegenstellen, denn in der entstehenden
Igelformation hätte Schwarz eine deutliche Schwäche, das Feld b5.} (12. a3 $5
cxd4 (12... Nc6 13. d5 exd5 14. cxd5 Ne7 15. e4 $14) (12... Na6 13. Rd1 $14)
13. Nxd4 Bxg2 14. Kxg2 Nc6 15. Rd1 $14) (12. Rd1 $5) 12... d5 (12... cxd4 13.
Nxd4 Qc7 14. b3 $14 {><b5}) 13. exd5 ({Ursprünglich wollte ich} 13. cxd5 exd5
14. e5 Ne4 15. Rd1 Qe7 16. a3 Na6 $13 {spielen, kam aber später zum Schluß,
daß Schwarz hier über ein gutes Gegenspiel verfügt.}) 13... exd5 14. a3 Na6 $6
{Hier konnte Yannick meine Ungenauigkeit im 12.Zug ausnutzen.Der Springer kann
günstig geopfert werden!} (14... dxc4 $1 15. axb4 (15. dxc5 Nd3 $15) 15... axb4
16. Ne2 Rxa1 17. Qxa1 Bxf3 18. Bxf3 cxd4 19. Qc1 d3 20. Rd1 b5 21. Nf4 Qd6 22.
Qd2 $11) 15. cxd5 Nxd5 16. Rd1 c4 {Auch bei anderen Fortsetzungen behielt Weiß
etwas Druck.} (16... Nxc3 17. bxc3 cxd4 18. Rxd4 $1 (18. cxd4 Bd5 19. Qb5 Qd6
$11) 18... Qc7 19. Ng5 g6 20. Bxb7 Qxb7 21. Ne4 $14) (16... Qf6 17. Ne4 Qe7 18.
dxc5 Nxc5 19. Nxc5 bxc5 20. Qc2 $14) 17. Ne5 Nac7 $2 {Gespielt mit dem
natürlichen Wunsch, den passiven Springer ins Spiel zu bringen, aber das wird
Schwarz einen Bauern kosten. Richtig war 17...Nxc3.} (17... Nxc3 18. bxc3 Bxg2
19. Kxg2 Qd5+ 20. Kg1 b5 21. Ng4 $1 Nc7 22. Ne3 Qd7 23. a4 $14) 18. Nxd5 ({
Weniger klar war} 18. Be4 $5 Nxc3 19. Bxh7+ Kh8 20. bxc3 Nd5 21. Qc2 g6 22.
Bxg6 fxg6 23. Nxg6+ Kg7 24. Nxf8 Qxf8 $13) 18... Bxd5 19. Bxd5 Qxd5 20. Qc1 b5
21. b3 $16 Rfd8 $2 {Besser geschah die Bauernabgabe durch 21...Ne6.} (21...
Rfe8 22. bxc4 bxc4 23. Qxc4 Rxe5 24. Qxc7 Re2 25. Qc5 Qf3 26. d5 $16) (21...
Ne6 $142 22. bxc4 bxc4 23. Qxc4 Rfd8 24. Qxd5 Rxd5 25. Nc6 Kf8 $16) 22. bxc4
bxc4 23. Nxc4 $1 {Nun kann Schwarz seine Blockade auf d5 nicht behaupten.} Ra6
(23... Qe4 24. Nb6 Ra7 25. d5 $16) 24. Ne3 Qd7 25. d5 $1 Rd6 26. Ra2 h5 (26...
Nxd5 $2 27. Rad2 $18) 27. Rad2 (27. h4 $2 Nxd5 28. Rad2 Qb7 $14) 27... h4 28.
Qc4 $2 {Dieser oberflächliche Zug läßt den großen weißen Vorteil schwinden. Es
gab keinen Grund, die Öffnung der h-Linie zu erlauben.} (28. Nc4 hxg3 29. fxg3
Ra6 (29... Rxd5 30. Nb6 Rxd2 31. Nxd7 R2xd7 32. Rxd7 Rxd7 33. Qc6 Re7 34. Qc5
$18) 30. Qb2 $16) (28. g4 $5 $16) 28... hxg3 29. hxg3 Ne8 30. Qf4 Rf6 $1 {
Zwingt Weiß zum Damentausch.} 31. Qg4 Qxg4 32. Nxg4 Rb6 {Im Endspiel hat
Schwarz gute Überlebenschancen, da seine Türme aktiv werden, und der Springer
einen prächtigen Blockadeposten einnimt.} 33. Ne3 Nd6 34. Rd4 Rc8 35. Kg2 Rc3
36. R1d3 Rc1 37. Rd1 Rc3 38. R1d3 Rc1 39. g4 Kf8 40. Rf4 Ke7 41. Nf5+ Nxf5 42.
Rxf5 Rc4 43. Re3+ $2 {Weiß verhilft dem gegnerischen Turm zu der idealen
Position auf d4, wonach die Partie nicht mehr zu gewinnen ist.} ({Nach} 43. Kg3
$1 $16 {blieben die weißen Gewinnchancen intakt.}) 43... Kf8 44. Kg3 Rd4 $1 45.
Rh5 g6 46. Rh8+ Kg7 47. Rd8 Rb5 48. d6 Rbd5 $11 49. Ra8 a4 50. Ree8 g5 51. Rh8
Rxd6 52. Rag8+ Kf6 53. Rh6+ Ke7 54. Rxd6 Rxd6 55. Rxg5 Rd3+ 56. Kf4 Rxa3 57.
Ra5 Kf6 58. g5+ Kg7 59. Kg4 Ra1 60. Kf5 a3 61. Ra7 Rf1 62. f4 Rb1 63. Rxa3 Rb7
64. Ra6 Rb5+ 65. Kg4 Rb4 66. Rf6 Ra4 67. Kh5 Rb4 68. Kg4 Ra4 69. Rb6 Rc4 70.
Rd6 Ra4 71. Kf5 Rc4 72. Kg4 Ra4 73. Rd5 Ra1 74. Rd4 Ra5 75. f5 Ra1 76. Rd7 Rg1+
77. Kf4 Rf1+ 78. Ke5 Re1+ 79. Kd6 Rg1 80. g6 1/2-1/2

[Event "Belgrade GMA op"]
[Site "Belgrade"]
[Date "1988.??.??"]
[Round "?"]
[White "Polugaevsky, Lev"]
[Black "Dokhoian, Yury"]
[Result "1-0"]
[WhiteElo "2590"]
[BlackElo "2520"]
[Annotator "Dautov,R"]
[PlyCount "68"]
[EventDate "1988.12.??"]
[EventType "swiss"]
[EventRounds "9"]
[EventCountry "YUG"]
[SourceTitle "TD"]
[Source "ChessBase"]
[SourceDate "1994.03.01"]
[SourceVersion "1"]
[SourceVersionDate "1994.03.01"]
[SourceQuality "1"]

1. Nf3 Nf6 2. c4 b6 3. g3 Bb7 4. Bg2 e6 5. d4 Bb4+ 6. Bd2 Bxd2+ (6... Qe7) (
6... Be7) (6... a5) 7. Qxd2 O-O 8. Nc3 Ne4 9. Qd3 $1 (9. Qc2) (9. Nxe4) 9... f5
(9... Nxc3 $2 10. Ng5 Qxg5 11. Bxb7 Na4 12. b3 $1 Qa5+ 13. Qd2 $16) (9... d5
10. cxd5 $14) 10. Ne5 $1 Nc5 (10... d6 $2 11. Nxe4 dxe5 (11... Qc8 12. Nxd6 $18
) (11... fxe4 12. Bxe4 $18) 12. Nf6+ $18) (10... Nd6 11. d5 $16) 11. dxc5 Bxg2
12. Rg1 Bc6 (12... Nc6 13. Qxd7 $1 Nxe5 14. Qxe6+ $18) (12... Bb7 13. O-O-O $16
) 13. O-O-O Qf6 $2 (13... Qe7 $1 $8 14. cxb6 axb6 15. Nxc6 dxc6 16. f4 $5 $14 (
16. Rd2 $5 Na6 17. Rgd1 $14 Nb4 18. Qd7)) 14. f4 $1 $16 bxc5 15. Nxc6 dxc6 (
15... Nxc6 16. Qxd7 Nd4 17. e3) 16. e4 Na6 (16... e5 $5 17. Rgf1) 17. e5 Qe7
18. Qf3 Qe8 19. Rg2 Rf7 20. Rgd2 h6 21. Na4 Kh7 (21... Rb8 {>=}) 22. a3 Rb8 23.
Qc3 $1 Qc8 24. Qa5 Rb3 (24... Qb7 25. Rd8 $1 $18) 25. Rd3 $1 Rxd3 26. Rxd3 Qb7
27. Kc2 Re7 28. Rd8 Kg6 29. Qd2 $18 Kf7 30. Qd1 $1 Kg6 (30... g6 31. Rh8 $18)
31. g4 fxg4 (31... Kh7 32. gxf5 exf5 33. Rf8 $18 {Polugaevsky,L}) 32. Qxg4+ Kh7
33. f5 exf5 34. Qxf5+ g6 1-0

[Event "Linares 13th"]
[Site "Linares"]
[Date "1995.03.03"]
[Round "3"]
[White "Karpov, Anatoly"]
[Black "Tiviakov, Sergei"]
[Result "1/2-1/2"]
[WhiteElo "2780"]
[BlackElo "2625"]
[Annotator "Dautov,R"]
[PlyCount "85"]
[EventDate "1995.03.01"]
[EventType "tourn"]
[EventRounds "13"]
[EventCountry "ESP"]
[EventCategory "17"]
[SourceTitle "CBM 046"]
[Source "ChessBase"]
[SourceDate "1995.06.01"]
[SourceVersion "1"]
[SourceVersionDate "1995.06.01"]
[SourceQuality "1"]

1. d4 Nf6 2. c4 e6 3. Nf3 b6 4. g3 Bb4+ 5. Bd2 Be7 6. Nc3 Bb7 7. Bg2 c6 8. e4
d5 9. cxd5 cxd5 10. e5 Ne4 11. O-O O-O 12. Re1 Nxd2 $1 {N} (12... Nxc3 13. bxc3
Ba6 14. h4 Nc6 15. Ng5 Rc8 (15... Na5 16. Qh5 $5 h6 17. Nh3 $1 Nc4 18. Bc1 {
/\ Qg4, Nf4}) 16. Qh5 (16. Qb1 $1 g6 17. Nh3 $5 $13) 16... Bd3 $1 (16... h6 17.
Nh3 $40 {>>}) 17. Be4 $6 (17. Re3 Bg6 (17... Bf5 {/\ Na5-c4}) 18. Qg4 Na5 $13)
17... Bxe4 18. Rxe4 Bxg5 19. Bxg5 Ne7 20. Rg4 Qe8 $1 $15 {/\ 21... f5, 21...
Ng6 Komarov,D-Tiviakov,S/Imperia 1993}) 13. Qxd2 (13. Nxd2 Nc6 14. Nb3 a5 15.
a4 Ba6 $10) 13... Ba6 (13... Nc6 14. Bf1 Na5 15. Bd3 $14) 14. a3 (14. h4 Nc6
15. h5 h6 16. Rac1 Rc8 $132 {/\Na5}) 14... Nc6 15. b4 Bc4 16. Qe3 b5 $10 17.
Nd2 Qb6 18. Nxc4 bxc4 19. Rad1 Rae8 {/\f6,<=>[+]} (19... a5 $6 20. b5 Na7 21.
a4 $14) 20. f4 g6 (20... a5 $6 21. b5 Nxd4 22. Rxd4 Bc5 (22... Bxa3 $2 23. Na4
$18) 23. Red1 $16) 21. h4 (21. Bxd5 $5 {Tiviakov} exd5 22. Nxd5 $36) 21... f6 (
21... f5 $2 22. Nxd5 exd5 23. Bxd5+ Kg7 24. Bxc4 $16 {/\d5}) 22. Nxd5 $5 (22.
Bh3 f5 $10) 22... exd5 23. Bxd5+ Kg7 24. Bxc4 fxe5 (24... a5 $2 25. d5 Qxe3+
26. Rxe3 axb4 27. exf6+ $1 Rxf6 28. Kh1 Na5 (28... bxa3 29. dxc6 $16) 29. Bb5
Rb8 30. Rxe7+ Kf8 31. Rxh7 Rxb5 32. d6 Nb7 33. a4 Rb6 34. Rxb7 Rxb7 35. d7 Rxd7
36. Rxd7 $18) 25. dxe5 (25. fxe5 $2 a5 26. d5 (26. b5 $2 Nxd4 $19) 26... Qxe3+
27. Rxe3 axb4 28. d6 Bd8 $17) 25... Rd8 26. Bd5 (26. Qxb6 axb6 27. Bd5 Na7 {
/\Nb5}) 26... Qxe3+ 27. Rxe3 Rd7 28. Red3 Rfd8 29. Kf1 Bxb4 $1 30. e6 Rd6 (
30... Rxd5 31. Rxd5 Rxd5 32. Rxd5 Bxa3 33. Rd7+ Kf6 34. Rc7 Ne7 35. Rxa7 Bd6
36. Kg2 Kxe6 37. Kf3 $10) 31. axb4 Nxb4 32. e7 Re8 33. R3d2 Rxd5 34. Rxd5 Nxd5
35. Rxd5 Rxe7 36. h5 Kf6 37. Ra5 Kg7 38. Kg2 Kh6 39. Kh3 Rf7 40. Kg4 Rb7 41.
Kh4 Rf7 42. Ra6 Kg7 43. Kh3 1/2-1/2

[Event "Novgorod op"]
[Site "Novgorod"]
[Date "1995.??.??"]
[Round "4"]
[White "Vyzmanavin, Alexey"]
[Black "Brodsky, Michail"]
[Result "1/2-1/2"]
[WhiteElo "2605"]
[BlackElo "2535"]
[Annotator "Dolmatov,S"]
[PlyCount "98"]
[EventDate "1995.05.??"]
[EventType "swiss"]
[EventRounds "9"]
[EventCountry "RUS"]
[SourceTitle "EXT 2000"]
[Source "ChessBase"]
[SourceDate "1999.11.16"]
[SourceVersion "1"]
[SourceVersionDate "1999.11.16"]
[SourceQuality "1"]

1. d4 Nf6 2. c4 e6 3. Nf3 b6 4. g3 Bb7 5. Bg2 Bb4+ 6. Bd2 Be7 7. Nc3 c6 (7...
d5 8. cxd5 exd5 9. Qa4+ c6 10. Ne5 O-O 11. O-O b5 12. Qb3 Qb6 13. e4 $16 {
Benjamin,J-Short,N/London/1983/ Inf 36/(631)}) 8. e4 d5 9. cxd5 cxd5 10. e5 Ne4
11. O-O $14 O-O 12. Re1 (12. Be3 $5 Ba6 13. Re1 Nc6 14. Nd2 $14) 12... Nxd2 13.
Qxd2 Ba6 (13... a5 $5 14. h4 Ba6 15. Ng5 h6 16. Nh3 Nc6 $132) 14. h4 Nc6 15.
Ng5 Rc8 16. Kh2 (16. f4 $2 Nxd4 $19) 16... h6 17. Nh3 Na5 $2 (17... b5 $5 18.
f4 Qb6 19. Rad1 b4 20. Na4 Qb5 21. b3 $13) 18. f4 Bb4 19. Rac1 $16 Rc7 $2 (
19... f5 $32 20. exf6 Qxf6 21. Ng1 Nc4 22. Qf2 Nxb2 23. Qxb2 Qxd4 $132) 20. f5
$1 exf5 21. Nf4 Bb7 (21... Bc8 22. Nfxd5 Bxc3 23. bxc3 $16) 22. Qd3 Qc8 23. e6
Bxc3 24. bxc3 fxe6 25. Nxe6 Nc4 26. Nxf8 $18 Qxf8 27. Re6 Nd6 28. Rf1 Rf7 29.
Re5 Ne4 30. Qe3 Bc6 31. Bxe4 $2 (31. Qf4 Nxc3 32. Rxf5 Rxf5 33. Qxf5 Qxf5 34.
Rxf5 $18) 31... dxe4 32. c4 Bd7 33. c5 Rf6 34. Rf2 Kh8 35. Rd5 $6 Qf7 (35...
Bc6 36. Re5 Bd7) 36. Re5 bxc5 $6 (36... Kh7 $14) 37. Rxc5 Be6 38. Qf4 Qd7 39.
Qe5 $2 (39. d5 $1 Bxd5 40. Rd2 $18) 39... Qa4 40. d5 (40. Ra5 $5) 40... Bd7 41.
Rc7 $6 (41. Rd2 $5) 41... f4 $8 42. gxf4 Rg6 43. Rcc2 (43. Qc3 Qd1 $132) 43...
Rg4 44. Rg2 Rxh4+ 45. Kg1 Rg4 46. Rcd2 Qa3 47. Rxg4 (47. Qxe4 $2 Qc1+ 48. Kh2
Rh4+ $40) 47... Qe3+ 48. Kh2 Bxg4 49. Rg2 Qh3+ 1/2-1/2

[Event "RUS-chT 03rd"]
[Site "Kazan"]
[Date "1995.??.??"]
[Round "1"]
[White "Goldin, Alexander"]
[Black "Ulybin, Mikhail"]
[Result "1-0"]
[WhiteElo "2585"]
[BlackElo "2545"]
[Annotator "Dolmatov,S"]
[PlyCount "115"]
[EventDate "1995.??.??"]
[EventType "team-tourn"]
[EventRounds "9"]
[EventCountry "RUS"]
[SourceTitle "CBM 051"]
[Source "ChessBase"]
[SourceDate "1996.04.01"]
[SourceVersion "1"]
[SourceVersionDate "1996.04.01"]
[SourceQuality "1"]
[WhiteTeam "Novosibirsk New Siberia"]
[BlackTeam "Ekaterinburg Agat"]
[WhiteTeamCountry "RUS"]
[BlackTeamCountry "RUS"]

1. d4 e6 2. c4 Nf6 3. Nf3 Bb4+ 4. Nbd2 b6 5. g3 (5. a3 Bxd2+ 6. Bxd2 Bb7 7. Bg5
d6 8. e3 Nbd7 9. Bd3 h6 10. Bh4 g5 $13) 5... Bb7 6. Bg2 O-O 7. O-O d5 (7... c5
8. a3 Bxd2 9. Bxd2 $14) 8. cxd5 (8. a3 $5 Be7 9. b4 dxc4 10. Nxc4 Nbd7 11. Bb2
a6 12. Qd2 $14) 8... exd5 9. Ne5 Be7 (9... Re8 10. Ndc4 h6 11. g4 c6 12. Ne3
Nbd7 13. f4 $40 {Haba,P-Chernin,A/Prag/1989/0:1/33/}) (9... Bd6 $6 10. Ndc4 $14
) 10. b3 c5 11. Bb2 Na6 (11... Nc6 $5 12. Nxc6 Bxc6 13. Rc1 Bb7 $132) 12. Rc1
Nc7 13. dxc5 Bxc5 (13... bxc5 14. Ndc4 Ne6 15. Ne3 (15. Qd2 $2 dxc4 16. Qxd8
Nxd8 $19) 15... g6 16. Qd2 $14) 14. Nd3 Bd6 15. Nf3 Ne4 16. Nd4 $14 Qd7 17. Rc2
Rfe8 18. Nf4 (18. Qa1 Rac8 (18... Bf8 $6 19. Nf4 $40 {/\Bh3})) 18... Bxf4 19.
gxf4 Na6 20. a3 Nac5 21. Qe1 {/\f3} (21. b4 Ne6 22. Nxe6 Rxe6 23. Kh1 $13)
21... Nd6 (21... Ne6 22. Bh3 $1 (22. Nxe6 Rxe6 $132) 22... Qd6 23. Nxe6 fxe6
24. f3 Qxf4 $2 25. fxe4 Qe3+ 26. Qf2 $18) (21... Rac8 $6 22. f3 Nd6 23. Qg3 f5
24. Kh1 $40) 22. Qc3 (22. f3 $2 Nd3 $10) 22... f6 (22... Nce4 23. Qh3 Qxh3 24.
Bxh3 $14) 23. Rfc1 Qf7 24. Qf3 Re7 $2 (24... Ne6 $5 25. Nxe6 (25. Nc6 Ne4)
25... Rxe6 26. Rc7 Re7 27. Rxb7 $2 Nxb7 28. Qxd5 Rd8) 25. a4 $1 $16 Ne6 (25...
a5 $5 26. Ba3 Nde4 27. Nf5 Rd7 28. Qh3 $40) 26. Nc6 Bxc6 27. Rxc6 Ne4 $16 28.
b4 (28. f5 $2 N6c5) 28... Rd8 (28... Nd8 $5 29. Rc8 Rxc8 30. Rxc8 Re8 31. Qd3
Qd7 32. Qb5 Qxb5 33. axb5 $16) 29. f5 Nc7 30. Qf4 Ne8 31. Bd4 N4d6 (31... N8d6
$2 32. f3 $18) 32. e3 h6 $2 (32... Nc4 $5 33. Bxd5 (33. e4 Ne5 $132) 33... Rxd5
34. R1xc4 (34. R6xc4 Nd6 $132) 34... Qh5 $1 (34... Nd6 $2 35. Rxd6 Rxd6 36.
Rc8+ $18) 35. e4 $2 Qd1+ 36. Kg2 Rxd4) 33. a5 bxa5 34. bxa5 Nb5 35. R1c5 Nxd4
36. Qxd4 Red7 (36... Re5 37. e4 $1 $18 {/\f4}) 37. h4 Kh7 38. Bf3 Nc7 39. a6
Qe7 40. Kh2 Qf7 41. Kh3 Qe7 42. Be2 Qf7 43. Bd3 Kh8 (43... Qh5 44. Qg4 Qxg4+
45. Kxg4 Na8 $16) 44. Rc1 Na8 45. Rc8 Nb6 $2 46. Qxb6 $1 axb6 47. a7 Qh5 (47...
Rxa7 48. Rxd8+ Kh7 49. Rcc8 g5 50. fxg6+ $18) 48. Kg3 g5 49. a8=Q Qe8 (49...
Qxh4+ 50. Kg2 Qg4+ 51. Kf1 Qh3+ 52. Ke1 Qh1+ 53. Kd2 $18) 50. hxg5 $18 hxg5 51.
Rxd8 Rxd8 52. Qc6 Qe5+ 53. Kg2 Qd6 54. Qb7 Rd7 55. Rc8+ Kg7 56. Qa8 Qe7 57.
Rg8+ Kh7 58. Rh8+ 1-0